000 00628nam a2200229Ia 4500
003 OSt
005 20221006164357.0
006 a|||||r|||| 00| 0
007 ta
008 221006b |||||||| |||| 00| 0 eng d
024 _a3,462
037 _cTextual
040 _aFML
_cFML
_beng
041 _2eng
_aeng
082 _aH31.236, J0
100 _aZeuner Frederick E Au.
_9677310
245 0 _aStone Age and Pleistocene Chronology in Gujrat
260 _aPune
_bDeccan College Press
_c1950
300 _a46
_ccm.
942 _hH31.236, J0
_cTEXL
_2CC
999 _c1117050
_d1117050